Полимеризация жидких продуктов пиролиза на каталитических системах типа Циглера-Натта; Химия и химическая технология на рубеже тысячелетий; Т. 1

Бібліографічні деталі
Parent link:Химия и химическая технология на рубеже тысячелетий: материалы II Всероссийской научной конференции, Томск, 26-28 ноября 2002 г./ Российское химическое общество им. Д. И. Менделеева; Российская академия естественных наук; Томский научный центр СО РАН; Администрация Томской области; Томский политехнический университет.— , 2002-
Т. 1.— 2002.— С. 322-325.
Автор: Фитерер Е. П. Елена Петровна
Інші автори: Ли И. А., Бондалетов В. Г. Владимир Григорьевич
Мова:Російська
Опубліковано: 2002
Предмети:
Формат: Частина з книги
KOHA link:https://koha.lib.tpu.ru/cgi-bin/koha/opac-detail.pl?biblionumber=84526

MARC

LEADER 00000naa2a2200000 4500
001 84526
005 20240118114045.0
035 |a (RuTPU)RU\TPU\book\90851 
090 |a 84526 
100 |a 20051101d2002 k y0rusy50 ca 
101 0 |a rus 
102 |a RU 
200 1 |a Полимеризация жидких продуктов пиролиза на каталитических системах типа Циглера-Натта  |f Е. П. Фитерер, И. А. Ли, В. Г. Бондалетов 
320 |a Библиогр.: 2 назв. 
461 1 |0 (RuTPU)RU\TPU\book\48472  |t Химия и химическая технология на рубеже тысячелетий  |o материалы II Всероссийской научной конференции, Томск, 26-28 ноября 2002 г.  |f Российское химическое общество им. Д. И. Менделеева; Российская академия естественных наук; Томский научный центр СО РАН; Администрация Томской области; Томский политехнический университет  |d 2002- 
463 0 |0 (RuTPU)RU\TPU\book\48111  |t Т. 1  |v С. 322-325.  |d 2002  |p 354 с. 
610 1 |a полимеризация 
610 1 |a пиролиз 
610 1 |a каталитические системы 
610 1 |a нефтеполимерные смолы 
610 1 |a Циглера-Натта системы 
610 1 |a труды учёных ТПУ 
700 1 |a Фитерер  |b Е. П.  |c химик  |c старший преподаватель Томского политехнического университета, кандидат химических наук  |f 1974-  |g Елена Петровна  |3 (RuTPU)RU\TPU\pers\25650 
701 1 |a Ли  |b И. А. 
701 1 |a Бондалетов  |b В. Г.  |c химик-технолог  |c профессор Томского политехнического университета, доктор технических наук  |f 1957-  |g Владимир Григорьевич  |3 (RuTPU)RU\TPU\pers\25605  |9 11534 
801 1 |a RU  |b 63413507  |c 20051101  |g PSBO 
801 2 |a RU  |b 63413507  |c 20160610  |g RCR 
942 |c BK